00479nam a2200145 a 450000100100000000500170001000800410002704000250006824500390009326000500013230000200018204900090020295201050021199900170031600003199220200930063335.0110707s1975 dr 000 0 spa d aDO-SdBNPbspacBNPHU00aTarifa de la editora del Caribe /. a[Santo Domingo] :bEditora del Caribe,c1975. a24 p. ;c16 cm. aBNPD 0010718PDaPDbPDcCTd2011-07-07iLF1l0o p31992-10r2020-06-25w2020-06-25yLFPDZNo se presta c31483d31483